[Event "Paris-ch op-B"]
[Site "Paris"]
[Date "2009.07.10"]
[Round "7"]
[White "Gadanecz, Alexandre"]
[Black "Muthu, Rahul"]
[Result "0-1"]
[WhiteElo "1725"]
[BlackElo "1790"]
[PlyCount "122"]
[EventDate "2009.07.04"]
[EventType "swiss"]
[EventRounds "9"]
[EventCountry "FRA"]
[SourceTitle "EXT 2010"]
[Source "ChessBase"]
[SourceDate "2010.11.25"]
[SourceVersion "1"]
[SourceVersionDate "2010.11.25"]
[SourceQuality "1"]

1. e4 d5 2. exd5 Qxd5 3. Nc3 Qa5 4. Nf3 c6 5. d4 Bg4 6. Be2 Nf6 7. 0-0 e6 8. Ne5 Bxe2 9. Qxe2 Be7 10. Qf3 0-0 11. Qg3 Rd8 12. Bh6 Ne8 13. Be3 Nd7 14. Ne2 Nf8 15. h4 f6 16. Nc4 Qb5 17. b3 Qh5 18. Nf4 Qf7 19. Qf3 Rac8 20. a4 b6 21. h5 Kh8 22. Rfe1 Bb4 23. Re2 Bc3 24. Rb1 Bxd4 25. Bxd4 Rxd4 26. Rbe1 b5 27. c3 Rxf4 28. Qxf4 bxc4 29. Qxc4 Qxh5 30. b4 Qd5 31. Qa6 Qd7 32. Re3 Rc7 33. Rd3 Qc8 34. Qa5 Rd7 35. Red1 Rxd3 36. Rxd3 Qc7 37. Qc5 Kg8 38. Qd4 Kf7 39. c4 e5 40. Qg4 g6 41. c5 Ng7 42. Qc4+ Nfe6 43. Rd6 Qc8 44. Qh4 h5 45. Qe4 Nd4 46. Qd3 Ngf5 47. Qc4+ Ke7 48. f4 Nxd6 49. cxd6+ Kxd6 50. Qc5+ Ke6 51. fxe5 fxe5 52. Qc4+ Kf5 53. Qc5 Qb8 54. a5 Qc7 55. Qf8+ Kg5 56. Qf2 Qd6 57. Qd2+ Kf6 58. Kh1 e4 59. Qf2+ Nf5 60. Qxa7 e3 61. Qa6 e2 0-1